000 00703nam a22002177a 4500
005 20251108175420.0
008 250721s2011 xx 000 0 ara d
082 1 4 _aط/211.2/سوي
100 1 _aسويد، أيمن رشدي
245 1 0 _aنزهة تجويدية المستوى الأول ( للذكور) /
264 1 _aدمشق :
_bدار الغوثاني للدراسات القرآنية،
_c2011.
300 _a53ص.
650 1 7 _aالقرآن الكريم
650 1 7 _aالاطفال
650 1 7 _aالتعلم
650 1 7 _aالتجويد
653 _aمرحلة ناشؤون صغار (10-14)سنة
700 1 _aالعرند، تيسير
942 _2ddc
_cBK
999 _c133566
_d133566